Witch of portobello. (Record no. 160340)
[ view plain ]
| 000 -LEADER | |
|---|---|
| fixed length control field | 00482nam a2200205Ia 4500 |
| 003 - CONTROL NUMBER IDENTIFIER | |
| control field | OSt |
| 005 - DATE AND TIME OF LATEST TRANSACTION | |
| control field | 20230420145950.0 |
| 008 - FIXED-LENGTH DATA ELEMENTS--GENERAL INFORMATION | |
| fixed length control field | 210423s2007 xx 000 0 und d |
| 020 ## - INTERNATIONAL STANDARD BOOK NUMBER | |
| International Standard Book Number | 9780007257447 |
| 040 ## - CATALOGING SOURCE | |
| Transcribing agency | AL |
| 041 ## - LANGUAGE CODE | |
| Language code of text/sound track or separate title | eng |
| 082 ## - DEWEY DECIMAL CLASSIFICATION NUMBER | |
| Classification number | 823 COEP |
| 100 ## - MAIN ENTRY--PERSONAL NAME | |
| Personal name | COELHO (Paulo). |
| 9 (RLIN) | 91122 |
| 245 ## - TITLE STATEMENT | |
| Title | Witch of portobello. |
| 260 ## - PUBLICATION, DISTRIBUTION, ETC. | |
| Place of publication, distribution, etc. | New Delhi |
| Name of publisher, distributor, etc. | Harper Collins |
| Date of publication, distribution, etc. | 2007 |
| 300 ## - PHYSICAL DESCRIPTION | |
| Extent | 329 |
| Other physical details | PB |
| 365 ## - TRADE PRICE | |
| Price amount | 295 |
| Currency code | INR |
| 906 ## - LOCAL DATA ELEMENT F, LDF (RLIN) | |
| a | portobello. ; Witch |
| 942 ## - ADDED ENTRY ELEMENTS (KOHA) | |
| Source of classification or shelving scheme | Dewey Decimal Classification |
| Koha item type | Book |
| Withdrawn status | Lost status | Damaged status | Not for loan | Collection code | Home library | Current library | Date acquired | Source of acquisition | Cost, normal purchase price | Total Checkouts | Full call number | Barcode | Date last seen | Date last checked out | Price effective from | Koha item type |
|---|---|---|---|---|---|---|---|---|---|---|---|---|---|---|---|---|
| MA English | St Aloysius PG Library | St Aloysius PG Library | 11/24/2011 | Higginbothams Pvt Ltd | 295.00 | 4 | 823 COEP | PG006819 | 02/17/2026 | 02/05/2026 | 04/26/2021 | Book |